50 años de Fotografía Española/ (Record no. 2910)
[ view plain ]
| 000 -LEADER | |
|---|---|
| campo de control de longitud fija | 00693nam a22002057a 4500 |
| 003 - IDENTIFICADOR DE NÚMERO DE CONTROL | |
| campo de control | OSt |
| 005 - FECHA Y HORA DE LA ÚLTIMA TRANSACCIÓN | |
| campo de control | 20230126111027.0 |
| 008 - DATOS DE LONGITUD FIJA--INFORMACIÓN GENERAL | |
| campo de control de longitud fija | 160111b xxu||||| |||| 00| 0 eng d |
| 040 ## - FUENTE DE CATALOGACIÓN | |
| Centro/agencia transcriptor | Lado V |
| 082 ## - NÚMERO DE LA CLASIFICACIÓN DECIMAL DEWEY | |
| Número de clasificación | 779 |
| Número de ítem | V816a |
| 100 ## - ENTRADA PRINCIPAL--NOMBRE DE PERSONA | |
| 9 (RLIN) | 637 |
| Nombre de persona | Virgili, Concha |
| Término indicativo de función/relación | curador |
| 245 ## - MENCIÓN DEL TÍTULO | |
| Título | 50 años de Fotografía Española/ |
| 260 ## - PUBLICACIÓN, DISTRIBUCIÓN, ETC. | |
| Lugar de publicación, distribución, etc. | España |
| Nombre del editor, distribuidor, etc. | Universidad politecnica de Valencia |
| Fecha de publicación, distribución, etc. | s.f. |
| 300 ## - DESCRIPCIÓN FÍSICA | |
| Extensión | 88p. |
| Dimensiones | 31x22cm. |
| 500 ## - NOTA GENERAL | |
| Nota general | Notas en español, inglés y alemán |
| 650 ## - PUNTO DE ACCESO ADICIONAL DE MATERIA--TÉRMINO DE MATERIA | |
| Término de materia o nombre geográfico como elemento de entrada | FOTOGRAFIA |
| Fuente del encabezamiento o término | Tesauro de Arte & Arquitectura |
| 650 ## - PUNTO DE ACCESO ADICIONAL DE MATERIA--TÉRMINO DE MATERIA | |
| Término de materia o nombre geográfico como elemento de entrada | ARTE ESPAÑOL |
| Fuente del encabezamiento o término | Tesauro de Arte & Arquitectura |
| 650 ## - PUNTO DE ACCESO ADICIONAL DE MATERIA--TÉRMINO DE MATERIA | |
| Término de materia o nombre geográfico como elemento de entrada | ESPANA |
| Fuente del encabezamiento o término | Tesauro de Arte & Arquitectura |
| 942 ## - ELEMENTOS DE ENTRADA SECUNDARIOS (KOHA) | |
| Fuente del sistema de clasificación o colocación | Clasificación Decimal Dewey |
| Tipo de ítem Koha | Libros |
| Suprimir en OPAC | No |
| Parte de la signatura que corresponde a la clasificación (Parte de la clasificación) | 779 |
| Parte de la signatura que identifica el ejemplar (Parte del ítem) | V816a |
| Estatus retirado | Estado de pérdida | Fuente del sistema de clasificación o colocación | Estado de daño | No para préstamo | Biblioteca de origen | Biblioteca actual | Fecha de adquisición | Número de inventario | Total de préstamos | Signatura topográfica completa | Código de barras | Visto por última vez | Precio de reemplazo | Tipo de ítem Koha |
|---|---|---|---|---|---|---|---|---|---|---|---|---|---|---|
| Clasificación Decimal Dewey | Biblioteca LadoV | Biblioteca LadoV | 26/01/2023 | 001320 | 779 V816a | 001320 | 26/01/2023 | 26/01/2023 | Libros |
